[Event "Nationale I Jeune, Vandoeuvre"]
[Site "?"]
[Date "1998.??.??"]
[Round "?"]
[White "Agrech, Pierre"]
[Black "Wendling, Jerome"]
[Result "1-0"]
[WhiteElo "2720"]
[BlackElo "2780"]
[PlyCount "141"]
[EventDate "1998.??.??"]
[Source "www.chesslib.no"]
[SourceDate "2004.05.04"]

1. e4 e5 2. Nf3 Nc6 3. Bc4 Bc5 4. d3 h6 5. Nc3 Nf6 6. Be3 Bb6 7. O-O d6 8. h3 Be6 9. Bb3 O-O 10. d4 Qe7 11. d5 Bd7 12. dxc6 Bxc6 13. Bxb6 axb6 14. Re1 Rfd8 15. Bd5 Nxd5 16. Nxd5 Qd7 17. Nh4 Bb5 18. Nf5 Ra6 19. Qg4 f6 20. Nxh6+ Kh7 21. Qxd7 Rxd7 22. Ng4 c6 23. Ndxf6+ gxf6 24. Nxf6+ Kg7 25. Nxd7 c5 26. Nxe5 dxe5 27. Re3 Kf6 28. Rf3+ Ke6 29. Rg3 Kf6 30. b3 Bc6 31. f3 b5 32. Kf2 c4 33. b4 Ra4 34. a3 Ra8 35. Ke2 Rd8 36. Rd1 Bd7 37. Rg4 Kf7 38. Rd6 Ke7 39. Rgg6 Kf7 40. Rh6 Kg7 41. g4 Kf7 42. Rh7+ Ke8 43. Rdxd7 Rxd7 44. Rxd7 Kxd7 45. Ke3 Ke7 46. f4 Kf6 47. g5+ Ke6 48. f5+ Kf7 49. h4 Kg7 50. h5 b6 51. Kf3 Kh7 52. Kg4 Kg7 53. g6 Kh8 54. f6 Kg8 55. Kg5 Kf8 56. Kh6 Kg8 57. f7+ Kf8 58. Kh7 c3 59. g7+ Kxf7 60. g8=Q+ Kf6 61. Qg6+ Ke7 62. Qxb6 Kf7 63. Kh6 Ke7 64. Kg5 Kd7 65. Kf5 Ke7 66. Qe6+ Kd8 67. Qf7 Kc8 68. Ke6 Kb8 69. Kd6 Ka8 70. Kc6 Kb8 71. Qb7# 1-0

[Event "Nationale I Jeune, Vandoeuvre"]
[Site "?"]
[Date "1998.??.??"]
[Round "?"]
[White "Gering, Adrien"]
[Black "Stenpfel, Tony"]
[Result "1-0"]
[WhiteElo "2730"]
[BlackElo "2690"]
[PlyCount "69"]
[EventDate "1998.??.??"]
[Source "www.chesslib.no"]
[SourceDate "2004.05.04"]

1. e4 e5 2. Nf3 Nc6 3. Bc4 Bc5 4. d3 Nf6 5. Nc3 d6 6. Be3 b6 7. O-O Bg4 8. Bb5 O-O 9. Bxc6 Rb8 10. Bxc5 bxc5 11. b3 Bd7 12. Bxd7 Qxd7 13. Ng5 d5 14. exd5 Nxd5 15. Nxd5 Qxd5 16. Qh5 h6 17. Nf3 Rbd8 18. Qxe5 Qd7 19. Qxc5 Rfe8 20. Rfe1 Rf8 21. Ne5 Qe6 22. Nc6 Qf6 23. Nxd8 Rxd8 24. Qe7 Qd6 25. Qxd6 cxd6 26. Re7 Kf8 27. Rae1 f6 28. Rxa7 Rc8 29. c4 d5 30. Ree7 dxc4 31. dxc4 Rd8 32. h3 Kg8 33. Rxg7+ Kh8 34. Rg6 Rg8 35. Rxh6# 1-0

[Event "Nationale I Jeune, Cannes"]
[Site "Cannes"]
[Date "1998.??.??"]
[Round "?"]
[White "Valles, Manuel"]
[Black "Soleillant, Alexandre"]
[Result "1-0"]
[WhiteElo "2700"]
[BlackElo "2650"]
[PlyCount "83"]
[EventDate "1998.??.??"]
[Source "www.chesslib.no"]
[SourceDate "2004.05.04"]

1. e4 e5 2. Nf3 Nc6 3. Bc4 Bc5 4. Nc3 Nf6 5. d3 d6 6. h3 Be6 7. Bb5 O-O 8. Bd2 a6 9. Bxc6 bxc6 10. Qc1 Nd7 11. Bg5 Nf6 12. Qd2 Rb8 13. Na4 Ba7 14. b3 Re8 15. h4 Bd7 16. h5 d5 17. exd5 cxd5 18. Rg1 Bd4 19. O-O-O Bg4 20. Nxd4 Bxd1 21. Nc6 Qd6 22. Nxb8 Rxb8 23. Kxd1 h6 24. Bxf6 Qxf6 25. Nc5 Qc6 26. b4 a5 27. a3 axb4 28. axb4 Qb5 29. c3 d4 30. cxd4 exd4 31. Ne4 Qxb4 32. Qxb4 Rxb4 33. Ke2 Kf8 34. Kf3 Rb5 35. g4 Ke7 36. Rc1 Kd7 37. Nc5+ Kd6 38. Ne4+ Kd5 39. Rxc7 Ke6 40. Kf4 Rb2 41. Rc6+ Kd5 42. Rd6# 1-0

[Event "Nationale I Jeune, Vandoeuvre"]
[Site "?"]
[Date "1998.??.??"]
[Round "?"]
[White "Agrech, Pierre"]
[Black "Roesch, Remi"]
[Result "1-0"]
[WhiteElo "2720"]
[BlackElo "2620"]
[PlyCount "41"]
[EventDate "1998.??.??"]
[Source "www.chesslib.no"]
[SourceDate "2004.05.04"]

1. e4 e5 2. Nf3 Nc6 3. Bc4 Bc5 4. d3 Nf6 5. Bg5 d6 6. h3 h6 7. Bh4 Be6 8. Bb3 Qd7 9. Nc3 O-O-O 10. Qd2 g5 11. Bg3 Bxb3 12. axb3 Kb8 13. O-O Rhg8 14. Na4 Nh5 15. Nxc5 dxc5 16. Nxe5 Nxe5 17. Bxe5 Rc8 18. Qa5 a6 19. Qb6 g4 20. Rxa6 Rce8 21. Qa7+ 1-0

[Event "Nationale I Jeune, Vandoeuvre"]
[Site "?"]
[Date "1998.??.??"]
[Round "?"]
[White "Agrech, Pierre"]
[Black "Marx, Nora"]
[Result "1-0"]
[WhiteElo "2720"]
[BlackElo "2600"]
[PlyCount "67"]
[EventDate "1998.??.??"]
[Source "www.chesslib.no"]
[SourceDate "2004.05.04"]

1. e4 e5 2. Nf3 Nc6 3. Bc4 Bc5 4. Nc3 Nf6 5. d3 d6 6. h3 Be6 7. Bb3 Qd7 8. Bg5 O-O-O 9. Ba4 h6 10. Be3 Bb6 11. d4 Qe8 12. d5 Bd7 13. Bxb6 axb6 14. dxc6 Bxc6 15. Bxc6 Qxc6 16. Qd3 g5 17. O-O-O Qc5 18. Qe3 Qa5 19. Qd3 Qc5 20. Rhf1 g4 21. hxg4 Nxg4 22. Qb5 Qxb5 23. Nxb5 Rhg8 24. Nc3 Nf6 25. g3 Rg4 26. Nd2 Kd7 27. Rh1 h5 28. Rh3 Ra8 29. f3 Rgg8 30. Nc4 Rg6 31. Nxe5+ Ke6 32. Nxg6 fxg6 33. Nd5 Nd7 34. Nxc7+ 1-0

[Event "Nationale I Jeune, Vandoeuvre"]
[Site "?"]
[Date "1998.??.??"]
[Round "?"]
[White "Stenpfel, Tony"]
[Black "Roesch, Remi"]
[Result "0-1"]
[WhiteElo "2690"]
[BlackElo "2620"]
[PlyCount "110"]
[EventDate "1998.??.??"]
[Source "www.chesslib.no"]
[SourceDate "2004.05.04"]

1. e4 e5 2. Nf3 Nc6 3. Bc4 Bc5 4. Nc3 Nf6 5. d3 d6 6. O-O Bg4 7. h3 Be6 8. b3 Qe7 9. Nd5 Qd7 10. Nxf6+ gxf6 11. Bh6 O-O-O 12. Bg7 Rhg8 13. Bxf6 Rde8 14. c3 Bxh3 15. Nh4 Rg4 16. Re1 Reg8 17. Kh1 Rf4 18. Re2 Rxf6 19. d4 exd4 20. b4 Bb6 21. b5 Ne5 22. Bb3 Bg4 23. f3 Be6 24. Bc2 Rh6 25. Qe1 Ba5 26. Qf2 Qe7 27. g3 Bxc3 28. Rg1 b6 29. Rg2 d3 30. Re3 Bd4 31. Bb1 Bxe3 32. Qxe3 Bh3 33. Rh2 Rxh4 34. gxh4 Qxh4 35. Qf2 Qxf2 36. Rxf2 Nc4 37. Bxd3 Ne3 38. Rh2 Bg2+ 39. Kg1 Bxf3+ 40. Kf2 Ng4+ 41. Kxf3 Nxh2+ 42. Kf4 h5 43. e5 dxe5+ 44. Kxe5 h4 45. Bc4 Kd8 46. a4 a5 47. Bd5 h3 48. Kf6 Ng4+ 49. Kxf7 Re8 50. Bc6 Re7+ 51. Kg6 Ne5+ 52. Kh5 Nxc6 53. Kh4 h2 54. bxc6 h1=Q+ 55. Kg3 Rf7 0-1

[Event "Politiken Cup"]
[Site "Helsingor DAN"]
[Date "2008.07.21"]
[Round "4"]
[White "Kogan, Ar"]
[Black "Roiz, M."]
[Result "1/2-1/2"]
[WhiteElo "2569"]
[BlackElo "2680"]
[PlyCount "74"]
[EventDate "2008.07.19"]
[Source "www.chesslib.no"]
[SourceDate "2004.05.04"]

1. e4 e5 2. Nf3 Nc6 3. Bc4 Bc5 4. Nc3 Nf6 5. d3 O-O 6. Bg5 Be7 7. a4 d6 8. O-O Kh8 9. h3 Be6 10. Re1 a6 11. Rb1 h6 12. Bxf6 Bxf6 13. Nd5 Rb8 14. b4 Bxd5 15. exd5 Ne7 16. d4 Ng6 17. dxe5 Nxe5 18. Nxe5 Bxe5 19. g3 Qd7 20. b5 Qxh3 21. Bf1 Qd7 22. Qh5 axb5 23. Bxb5 c6 24. dxc6 bxc6 25. Bd3 Kg8 26. Qf5 Qxf5 27. Bxf5 Ra8 28. Rb6 Rxa4 29. Rxc6 g6 30. Bd3 Rd8 31. Bc4 Ra7 32. Rd1 Rad7 33. Bd5 Kf8 34. Rb6 g5 35. Rdb1 Rc8 36. Rb8 Rdc7 37. R1b7 Rxb8 1/2-1/2

[Event "OHRA"]
[Site "Amsterdam"]
[Date "1985.??.??"]
[Round "3"]
[White "Timman, Jan H"]
[Black "Nunn, John DM"]
[Result "1/2-1/2"]
[WhiteElo "2640"]
[BlackElo "2600"]
[PlyCount "69"]
[EventDate "1985.07.??"]
[Source "ChessBase"]

1. e4 e5 2. Nf3 Nc6 3. Bc4 Bc5 4. Nc3 Nf6 5. d3 d6 6. Bg5 h6 7. Bxf6 Qxf6 8. Nd5 Qd8 9. c3 Ne7 10. d4 exd4 11. cxd4 Bb6 12. Nxb6 axb6 13. O-O d5 14. exd5 Nxd5 15. Re1+ Be6 16. Bxd5 Qxd5 17. Re5 Qd6 18. d5 O-O-O 19. Qa4 Bxd5 20. Rd1 c6 21. Rexd5 cxd5 22. Nd4 Kb8 23. Nb5 Qc6 24. Qf4+ Ka8 25. Qa4+ Kb8 26. h3 g5 27. Qa7+ Kc8 28. Nd4 Qc7 29. Qa3 Kb8 30. Nb5 Qc6 31. Qg3+ Ka8 32. Qa3+ Kb8 33. Qa7+ Kc8 34. Nd4 Qc7 35. Qa3 1/2-1/2

[Event "Needham, MA"]
[Site "?"]
[Date "2000.01.29"]
[Round "3"]
[White "Kreiman Boris"]
[Black "Ivanov Alexander"]
[Result "1/2-1/2"]
[WhiteElo "2593"]
[BlackElo "2605"]
[PlyCount "39"]
[EventDate "2000.??.??"]
[Source "www.chesslib.no"]
[SourceDate "2004.05.04"]

1. e4 e5 2. Nf3 Nc6 3. Bc4 Bc5 4. d3 Nf6 5. Nc3 d6 6. Bg5 Na5 7. Bb3 Nxb3 8. axb3 h6 9. Bxf6 Qxf6 10. Nd5 Qd8 11. b4 Bb6 12. Nxb6 cxb6 13. d4 Qe7 14. O-O O-O 15. h3 Rd8 16. Re1 b5 17. Qd3 a6 18. b3 Bd7 19. c4 bxc4 20. bxc4 1/2-1/2

[Event "TCh-FRA, Bischwiller FRA"]
[Site "?"]
[Date "2001.??.??"]
[Round "3"]
[White "Sokolov, And"]
[Black "Bauer, Ch"]
[Result "1/2-1/2"]
[WhiteElo "2565"]
[BlackElo "2615"]
[PlyCount "82"]
[EventDate "2001.??.??"]
[Source "www.chesslib.no"]
[SourceDate "2004.05.04"]

1. e4 e5 2. Nf3 Nc6 3. Bc4 Bc5 4. d3 Nf6 5. Nc3 d6 6. Bg5 Na5 7. Bb3 c6 8. d4 Nxb3 9. axb3 exd4 10. Nxd4 h6 11. Bh4 O-O 12. Qd3 d5 13. O-O-O g5 14. Bg3 dxe4 15. Qc4 Qa5 16. Kb1 Qb4 17. Be5 Qxc4 18. bxc4 Ng4 19. Nxe4 Nxe5 20. Nxc5 Nxc4 21. Rhe1 b6 22. Ne4 c5 23. Nc6 Kg7 24. b3 Na3+ 25. Kb2 Nb5 26. c4 Nc7 27. Nd6 Be6 28. f4 gxf4 29. Re4 a5 30. Rxf4 a4 31. Rd3 axb3 32. Rxb3 Ra6 33. Rg3+ Kh7 34. Ne4 f5 35. Ne5 Rfa8 36. Nf6+ Kh8 37. Rg6 Ra2+ 38. Kb1 Ra1+ 39. Kb2 R8a2+ 40. Kb3 Ra3+ 41. Kc2 R3a2+ 1/2-1/2

[Event "FRA-ch Pool B"]
[Site "Marsailles"]
[Date "2001.08.19"]
[Round "7"]
[White "Bauer, Christian"]
[Black "Dorfman, Josif D"]
[Result "1/2-1/2"]
[WhiteElo "2576"]
[BlackElo "2602"]
[PlyCount "33"]
[EventDate "2001.08.13"]
[Source "ChessBase"]
[SourceDate "2001.11.13"]

1. e4 e5 2. Nf3 Nc6 3. Bc4 Bc5 4. d3 Nf6 5. Nc3 d6 6. Bg5 h6 7. Bxf6 Qxf6 8. Nd5 Qd8 9. c3 a6 10. d4 exd4 11. cxd4 Ba7 12. h3 O-O 13. O-O Ne7 14. Rc1 Nxd5 15. Bxd5 c6 16. Bb3 Be6 17. d5 1/2-1/2

[Event "Reno"]
[Site "?"]
[Date "1999.??.??"]
[Round "?"]
[White "Barua, D."]
[Black "Aleksandrov, A."]
[Result "1-0"]
[WhiteElo "2550"]
[BlackElo "2615"]
[PlyCount "79"]
[EventDate "1999.??.??"]
[Source "Chess Informant"]
[SourceDate "1999.06.01"]

1. e4 e5 2. Nf3 Nc6 3. Bc4 Bc5 4. Qe2 Nf6 5. d3 d6 6. c3 a6 7. Bb3 h6 8. O-O O-O 9. Be3 Bxe3 10. fxe3 Na5 11. Bc2 c5 12. Nbd2 b5 13. a4 Rb8 14. axb5 axb5 15. Nh4 Nc6 16. Bb3 Be6 17. Ra6 Qc8 18. Rxc6 Qxc6 19. Rxf6 c4 20. Rxe6 fxe6 21. dxc4 bxc4 22. Bxc4 Rf6 23. b4 Ra8 24. h3 d5 25. Bb3 Qxc3 26. exd5 Ra1+ 27. Kh2 e4 28. dxe6 Kh7 29. Nxe4 Qc7+ 30. Ng3 g6 31. Qc4 Qe7 32. Qc5 Qg7 33. e7 Ra8 34. Bc2 Kh8 35. Ba4 Qf7 36. e8=Q+ Rxe8 37. Bxe8 Qxe8 38. Qd4 Qc6 39. Ne4 Qc7+ 40. g3 1-0

[Event "Zagreb"]
[Site "Zagreb"]
[Date "1985.??.??"]
[Round "?"]
[White "Ivanovic, Bozidar"]
[Black "Timman, Jan H"]
[Result "1/2-1/2"]
[WhiteElo "2515"]
[BlackElo "2650"]
[PlyCount "80"]
[EventDate "1985.04.??"]
[Source "ChessBase"]

1. e4 e5 2. Nf3 Nc6 3. Bc4 Bc5 4. Nc3 Nf6 5. d3 d6 6. Bg5 h6 7. Bxf6 Qxf6 8. Nd5 Qd8 9. c3 a6 10. d4 exd4 11. cxd4 Ba7 12. h3 Ne7 13. Rc1 Nxd5 14. Bxd5 c6 15. Bb3 O-O 16. O-O Qf6 17. Rc3 Re8 18. Re1 Be6 19. Bxe6 Qxe6 20. d5 cxd5 21. Qxd5 Qxd5 22. exd5 Bc5 23. Rxe8+ Rxe8 24. Kf1 Re4 25. b3 b5 26. Rd3 Rf4 27. g3 Rf5 28. Kg2 g6 29. Rd2 Kg7 30. Rd3 Kf6 31. Rd2 Kg7 32. Rd3 g5 33. Rd2 h5 34. g4 hxg4 35. hxg4 Rf4 36. Kg3 Kf6 37. Re2 a5 38. Re8 Rb4 39. Nd2 Rd4 40. Ne4+ Kg6 1/2-1/2

[Event "Calviá ol (Men)"]
[Site "Mallorca"]
[Date "2004.10.25"]
[Round "10.4"]
[White "Sermek, Drazen"]
[Black "Sargissian, Gabriel"]
[Result "1/2-1/2"]
[WhiteElo "2547"]
[BlackElo "2611"]
[PlyCount "85"]
[EventDate "2004.10.15"]
[Source "Roberto Alvarez"]
[SourceDate "2004.10.25"]

1. e4 e5 2. Nf3 Nc6 3. Bc4 Bc5 4. d3 Nf6 5. Nc3 h6 6. Nd5 d6 7. c3 a6 8. d4 exd4 9. cxd4 Ba7 10. Nxf6+ Qxf6 11. d5 Nd4 12. Nxd4 Bxd4 13. Qc2 Qg6 14. g3 O-O 15. O-O f5 16. Be3 Bxe3 17. fxe3 Bd7 18. Bd3 fxe4 19. Bxe4 Qg5 20. Rf4 Qe7 21. Raf1 g5 22. Bh7+ Kh8 23. Rxf8+ Rxf8 24. Rxf8+ Qxf8 25. Qxc7 Qe7 26. Be4 Qxe4 27. Qxd7 Qxe3+ 28. Kg2 Qd2+ 29. Kh3 Qxd5 30. Kg4 Kg8 31. b3 a5 32. Qe8+ Kg7 33. Qe7+ Kg6 34. Qe8+ Qf7 35. Qe4+ Kg7 36. Qd4+ Qf6 37. Qd5 Qe7 38. Qxa5 Qe4+ 39. Kh3 Qe6+ 40. Kg2 Qe2+ 41. Kg1 Qe3+ 42. Kg2 Qe2+ 43. Kg1 1/2-1/2

[Event "BL2-Sued 9900"]
[Site "Germany"]
[Date "1999.12.12"]
[Round "3.1"]
[White "Schmaltz, Roland"]
[Black "Krasenkow, Michal"]
[Result "0-1"]
[WhiteElo "2506"]
[BlackElo "2647"]
[PlyCount "60"]
[EventDate "1999.10.??"]
[Source "ChessBase"]
[SourceDate "2000.03.10"]

1. e4 e5 2. Nf3 Nc6 3. Bc4 Bc5 4. d3 Nf6 5. Bb3 d6 6. c3 a6 7. O-O Ba7 8. Nbd2 O-O 9. h3 Be6 10. Bc2 h6 11. Re1 Ne7 12. d4 Ng6 13. Nf1 c6 14. Ng3 Qc7 15. Be3 Rad8 16. Qd2 Kh7 17. Nf5 Bxf5 18. exf5 Ne7 19. dxe5 dxe5 20. Qe2 Bb8 21. g3 Ned5 22. Bc5 Rfe8 23. c4 Qa5 24. Ba3 e4 25. Nh4 Nb4 26. Rad1 Nxc2 27. Qxc2 e3 28. Rxe3 Rxd1+ 29. Qxd1 Rxe3 30. fxe3 Bxg3 0-1

[Event "Camp. svizzero a sq. - Reichenstein-Men"]
[Site "Svizzera"]
[Date "2008.09.21"]
[Round "9.1"]
[White "Sokolov, Andrei"]
[Black "Godena, Michele"]
[Result "1/2-1/2"]
[WhiteElo "2610"]
[BlackElo "2539"]
[PlyCount "21"]
[EventDate "2008.03.02"]
[Source "www.chesslib.no"]
[SourceDate "2004.05.04"]

1. e4 e5 2. Nf3 Nc6 3. Bc4 Bc5 4. O-O Nf6 5. d3 O-O 6. Be3 Bxe3 7. fxe3 d6 8. Nc3 Na5 9. Bb3 Nxb3 10. axb3 Bg4 11. Qe1 1/2-1/2

[Event "Europa ch 2008"]
[Site "Plovdiv BUL"]
[Date "2008.04.21"]
[Round "1.19"]
[White "Saric, Ivan"]
[Black "Sakaev, Konstantin"]
[Result "1-0"]
[WhiteElo "2500"]
[BlackElo "2649"]
[PlyCount "75"]
[EventDate "2008.04.21"]
[Source "www.chesslib.no"]
[SourceDate "2004.05.04"]

1. e4 e5 2. Nf3 Nc6 3. Bc4 Bc5 4. O-O Nf6 5. Re1 O-O 6. d3 Ng4 7. Re2 Nd4 8. Nxd4 Bxd4 9. h3 Nf6 10. c3 Bb6 11. Bg5 h6 12. Bh4 g5 13. Bg3 d6 14. Re1 h5 15. d4 h4 16. Bh2 Qe7 17. Nd2 g4 18. Kh1 Kh7 19. f4 gxh3 20. gxh3 Bxh3 21. Qf3 Bd7 22. fxe5 dxe5 23. Bxe5 Ng4 24. Rg1 Rg8 25. Raf1 Raf8 26. Bxf7 Be6 27. Bxg8+ Rxg8 28. Rg2 Qe8 29. Bh2 Qb5 30. d5 Bc8 31. Be5 Qe8 32. Bd4 Bxd4 33. cxd4 Rg7 34. e5 Qg6 35. Ne4 Kh8 36. e6 h3 37. Rxg4 Qxg4 38. Qf8+ 1-0

[Event "RUS"]
[Site "?"]
[Date "2006.04.26"]
[Round "7"]
[White "Belozerov Andrei"]
[Black "Lastin Alexander"]
[Result "1/2-1/2"]
[WhiteElo "2538"]
[BlackElo "2610"]
[PlyCount "48"]
[EventDate "2006.??.??"]
[Source "www.chesslib.no"]
[SourceDate "2004.05.04"]

1. e4 e5 2. Nf3 Nc6 3. Bc4 Bc5 4. d3 Nf6 5. Nc3 d6 6. Bg5 h6 7. Bxf6 Qxf6 8. Nd5 Qd8 9. c3 a6 10. d4 Ba7 11. dxe5 Nxe5 12. Nxe5 dxe5 13. Qh5 O-O 14. Qxe5 Re8 15. Qf4 Qd6 16. Qf3 Be6 17. O-O-O Qe5 18. Bb3 c6 19. Ne3 Bxb3 20. axb3 Qxe4 21. Qxe4 Rxe4 22. Rhe1 Rae8 23. Rd7 R8e7 24. Rxe7 Rxe7 1/2-1/2

[Event "Ubeda op"]
[Site "Ubeda"]
[Date "1999.01.23"]
[Round "4"]
[White "Minasian, Artashes"]
[Black "Landa, Konstantin"]
[Result "0-1"]
[WhiteElo "2620"]
[BlackElo "2520"]
[PlyCount "110"]
[EventDate "1999.01.??"]
[Source "ChessBase"]
[SourceDate "1999.03.01"]

1. e4 e5 2. Nf3 Nc6 3. Bc4 Bc5 4. d3 Nf6 5. Nc3 d6 6. Bg5 h6 7. Bxf6 Qxf6 8. Nd5 Qd8 9. c3 Bb6 10. a4 O-O 11. h3 Be6 12. O-O Na5 13. Ba2 c5 14. Ne3 Nc6 15. Bc4 Qd7 16. Nh4 g6 17. f4 Bxc4 18. dxc4 Bd8 19. Qe1 exf4 20. Nd5 Bg5 21. Nf3 Ne7 22. Qd2 Nxd5 23. cxd5 Qe7 24. Rae1 Rad8 25. Re2 Rfe8 26. c4 Qf6 27. Qe1 Qg7 28. e5 dxe5 29. Nxe5 Bf6 30. Ng4 Bd4+ 31. Kh1 Rxe2 32. Qxe2 h5 33. Qe7 Qf8 34. Nf6+ Kg7 35. Nxh5+ gxh5 36. Qg5+ Kh7 37. Rxf4 Bg7 38. Qxh5+ Kg8 39. Rh4 Qe7 40. Qh7+ Kf8 41. Re4 Qf6 42. Re1 Qxb2 43. Qe4 Qf6 44. h4 Kg8 45. Re3 Qa1+ 46. Kh2 Qxa4 47. h5 Qa6 48. Rf3 Qd6+ 49. Kh1 Qe5 50. Qg4 Kf8 51. Rf1 Qd4 52. Qg5 Rd6 53. Re1 Rf6 54. g3 Qf2 55. Qe5 Qf1+ 0-1

[Event "Vrsac"]
[Site "?"]
[Date "1987.??.??"]
[Round "?"]
[White "Ivanovic, B."]
[Black "Georgiev, Kir"]
[Result "1/2-1/2"]
[WhiteElo "2535"]
[BlackElo "2605"]
[PlyCount "95"]
[EventDate "1987.??.??"]
[Source "ChessBase"]
[SourceDate "1987.07.01"]

1. e4 e5 2. Nf3 Nc6 3. Bc4 Bc5 4. Nc3 Nf6 5. d3 d6 6. Bg5 h6 7. Bxf6 Qxf6 8. Nd5 Qd8 9. c3 Ne7 10. d4 Nxd5 11. dxc5 Nf4 12. g3 Nh3 13. Bb5+ Kf8 14. Be2 Qf6 15. cxd6 cxd6 16. Qd3 g6 17. Rd1 Ke7 18. Qe3 Be6 19. c4 b6 20. Rd2 h5 21. Ng1 Nxg1 22. Rxg1 h4 23. Kd1 hxg3 24. hxg3 Rh2 25. f3 Rc8 26. b3 g5 27. a4 g4 28. fxg4 Qf2 29. Qxf2 Rxf2 30. Ke1 Rh2 31. Bf3 Rch8 32. g5 R2h3 33. Kf2 Rg8 34. a5 Rh2+ 35. Rg2 Rxg2+ 36. Bxg2 Kd7 37. axb6 axb6 38. Bf1 Rxg5 39. b4 Rh5 40. Kg1 Kc7 41. Ra2 b5 42. Rc2 bxc4 43. Bxc4 Bxc4 44. Rxc4+ Kb6 45. Kg2 Kb5 46. Rc7 f5 47. Kf3 Kxb4 48. Rc6 1/2-1/2

[Event "Camp. cinese"]
[Site "Pechino CINA"]
[Date "2008.05.29"]
[Round "1"]
[White "Zhang Pengxiang"]
[Black "Wen Yang"]
[Result "1-0"]
[WhiteElo "2640"]
[BlackElo "2497"]
[PlyCount "58"]
[EventDate "2008.05.29"]
[Source "www.chesslib.no"]
[SourceDate "2004.05.04"]

1. e4 e5 2. Nf3 Nc6 3. Bc4 Bc5 4. Nc3 Nf6 5. d3 d6 6. Bg5 h6 7. Bxf6 Qxf6 8. Nd5 Qd8 9. c3 Ne7 10. d4 Nxd5 11. dxc5 Nf4 12. g3 Nh3 13. cxd6 Qxd6 14. Qd5 Be6 15. Qb5+ c6 16. Qxe5 Qxe5 17. Nxe5 Bxc4 18. Nxc4 O-O-O 19. Ke2 Kc7 20. Rad1 Rde8 21. f3 Rhf8 22. Kf1 b5 23. Ne3 Ng5 24. Kf2 a5 25. Rd2 a4 26. Rhd1 Ne6 27. Rd7+ Kb6 28. Nf5 Nc5 29. Nxg7 Rc8 1-0

[Event "IV Open"]
[Site "Calvia ESP"]
[Date "2007.10.20"]
[Round "6"]
[White "Heberla, B."]
[Black "Mchedlishvili, M."]
[Result "1/2-1/2"]
[WhiteElo "2502"]
[BlackElo "2631"]
[PlyCount "27"]
[EventDate "2007.10.15"]
[Source "www.chesslib.no"]
[SourceDate "2004.05.04"]

1. e4 e5 2. Nf3 Nc6 3. Bc4 Bc5 4. d3 Nf6 5. Nc3 d6 6. Bg5 h6 7. Bxf6 Qxf6 8. Nd5 Qd8 9. c3 a6 10. d4 exd4 11. cxd4 Ba7 12. h3 Ne7 13. Nf4 c6 14. d5 1/2-1/2

[Event "GER-ch"]
[Site "Altenkirchen"]
[Date "2001.12.02"]
[Round "3"]
[White "Rabiega, Robert"]
[Black "Jussupow, Artur"]
[Result "1/2-1/2"]
[WhiteElo "2499"]
[BlackElo "2633"]
[PlyCount "27"]
[EventDate "2001.11.30"]
[Source "ChessBase"]
[SourceDate "2002.03.21"]

1. e4 e5 2. Nf3 Nc6 3. Bc4 Bc5 4. O-O d6 5. c3 Qf6 6. d3 h6 7. Be3 Nge7 8. b4 Bxe3 9. fxe3 O-O 10. Qe1 Be6 11. Nd4 Qg6 12. Nxe6 fxe6 13. Rxf8+ Rxf8 14. Qg3 1/2-1/2

[Event "BL 0607 Solinger SG - SK König-Tegel"]
[Site "Germania"]
[Date "2007.03.17"]
[Round "12.1"]
[White "Rabiega, Robert"]
[Black "Jussupow, Artur"]
[Result "1/2-1/2"]
[WhiteElo "2529"]
[BlackElo "2600"]
[PlyCount "31"]
[EventDate "2006.10.28"]
[Source "www.chesslib.no"]
[SourceDate "2004.05.04"]

1. e4 e5 2. Nf3 Nc6 3. Bc4 Bc5 4. d3 Nf6 5. Nbd2 O-O 6. Nf1 d5 7. exd5 Nxd5 8. Ng3 Nb6 9. Bb3 Na5 10. O-O Nxb3 11. axb3 f6 12. Be3 Be7 13. Bxb6 cxb6 14. Re1 a6 15. c3 Rf7 16. d4 1/2-1/2

[Event "HUN-chT 0203"]
[Site "?"]
[Date "2003.04.13"]
[Round "11"]
[White "Vajda Levente"]
[Black "Acs Peter"]
[Result "0-1"]
[WhiteElo "2564"]
[BlackElo "2560"]
[PlyCount "50"]
[EventDate "2003.??.??"]
[Source "www.chesslib.no"]
[SourceDate "2004.05.04"]

1. e4 e5 2. Nf3 Nc6 3. Bc4 Bc5 4. O-O d6 5. c3 Nf6 6. d4 exd4 7. cxd4 Bb6 8. h3 O-O 9. Nc3 Nxe4 10. Nxe4 d5 11. Neg5 dxc4 12. Qc2 g6 13. Be3 Qd5 14. Ne4 Bf5 15. Nf6+ Kg7 16. Bh6+ Kxf6 17. Qd2 Ke7 18. Rfe1+ Be6 19. Bxf8+ Rxf8 20. Qh6 Rd8 21. Ng5 Kd7 22. Nxe6 fxe6 23. Qxh7+ Kc8 24. Qxg6 Bxd4 25. Rxe6 Ne5 0-1

[Event "EU-chT (Men)"]
[Site "Pula"]
[Date "1997.??.??"]
[Round "8"]
[White "Minasian, Artashes"]
[Black "Sturua, Zurab"]
[Result "1/2-1/2"]
[WhiteElo "2550"]
[BlackElo "2560"]
[PlyCount "56"]
[EventDate "1997.05.05"]
[Source "ChessBase"]

1. e4 e5 2. Nf3 Nc6 3. Bc4 Bc5 4. d3 Nf6 5. Nc3 d6 6. Bg5 h6 7. Bxf6 Qxf6 8. Nd5 Qd8 9. c3 a6 10. d4 exd4 11. cxd4 Ba7 12. h3 Ne7 13. O-O Nxd5 14. Bxd5 O-O 15. Qd3 c6 16. Bb3 c5 17. Rad1 Bd7 18. Rfe1 cxd4 19. Nxd4 Qf6 20. Nf3 Rad8 21. Qxd6 Be6 22. Qe5 Qxe5 23. Nxe5 Bxb3 24. axb3 Rxd1 25. Rxd1 Re8 26. Rd5 f6 27. Nd3 Rxe4 28. Rd7 Rd4 1/2-1/2

[Event "Santo Domingo"]
[Site "?"]
[Date "2001.11.??"]
[Round "3"]
[White "Kogan Arthur"]
[Black "Campora Daniel"]
[Result "1-0"]
[WhiteElo "2565"]
[BlackElo "2536"]
[PlyCount "44"]
[EventDate "2001.??.??"]
[Source "www.chesslib.no"]
[SourceDate "2004.05.04"]

1. e4 e5 2. Nf3 Nc6 3. Bc4 Bc5 4. d3 Nf6 5. Nc3 d6 6. Bg5 h6 7. Bxf6 Qxf6 8. Nd5 Qd8 9. c3 Ne7 10. d4 Nxd5 11. dxc5 Nf6 12. Qd3 O-O 13. O-O-O Bg4 14. h3 Bxf3 15. Qxf3 Qe7 16. cxd6 cxd6 17. g4 Rfc8 18. Bb3 a5 19. a3 b5 20. h4 b4 21. g5 bxc3 22. gxf6 Qb7 1-0

[Event "Krasnodar 71/326"]
[Site "?"]
[Date "1997.??.??"]
[Round "?"]
[White "Morozevich, Alexander"]
[Black "Tseshkovsky, Vitaly"]
[Result "1-0"]
[WhiteElo "2590"]
[BlackElo "2510"]
[PlyCount "101"]
[EventDate "1997.??.??"]
[Source "ChessBase"]
[SourceDate "1997.10.01"]

1. e4 e5 2. Nf3 Nc6 3. Bc4 Bc5 4. Nc3 Nf6 5. d3 d6 6. Bg5 Bb4 7. Nd2 Bxc3 8. bxc3 h6 9. Bh4 Be6 10. Rb1 Rb8 11. Bb5 a6 12. Bxf6 gxf6 13. Bc4 Ne7 14. Bxe6 fxe6 15. O-O Kd7 16. f4 Qg8 17. fxe5 fxe5 18. Qh5 Qg5 19. Qxg5 hxg5 20. Rf7 b6 21. Rbf1 Rbg8 22. Nc4 Rg6 23. Ne3 g4 24. g3 Ke8 25. d4 Rhg8 26. dxe5 dxe5 27. Nc4 Rg5 28. R7f6 R8g6 29. Rf8+ Kd7 30. Rd1+ Kc6 31. Rf7 b5 32. Rxe7 bxc4 33. Rdd7 Rg8 34. Rxc7+ Kb6 35. Rb7+ Kc6 36. Rec7+ Kd6 37. Rxc4 Rf8 38. Rb6+ Kd7 39. Ra4 Rc8 40. Raxa6 Rxc3 41. Ra7+ Kc8 42. Rxe6 Kb8 43. Rf7 Rg8 44. Rxe5 Rxc2 45. Rf2 Rc1+ 46. Kg2 Kc7 47. Re2 Kd6 48. Rb5 Ra1 49. e5+ Ke6 50. Rb6+ Ke7 51. Ra6 1-0